| 000 | 00386 a2200169 4500 | ||
|---|---|---|---|
| 001 | 74418 | ||
| 020 | _a853222053-3 | ||
| 040 | _cAnchieta - Colégio São Paulo | ||
| 100 | _aBoulas Junior, Alfredo | ||
| 240 | 1 | 0 |
_a7 de Setembro, independência _lpor |
| 245 | 1 | 0 | _a7 de Setembro, independência |
| 300 | _a36 | ||
| 362 | 0 | _a1996 | |
| 440 | 1 | _aFTD | |
| 650 | 4 | _aBrasil | |
| 942 | _cBK | ||
| 999 |
_c74418 _d74418 |
||